Statistics for Guess the lyrics (#30)

Click here to take the quiz!

General Stats

  • This quiz has been taken 212 times
  • The average score is 49 of 77

Answer Stats

Answer% Correct
I
99%
I
99%
a
97%
you
94%
the
93%
the
93%
the
93%
the
93%
And
90%
And
90%
me
83%
me
83%
me,
83%
me"
83%
to
83%
to
83%
to
83%
to
83%
love
82%
love
82%
love
82%
love,
82%
your
80%
your
80%
your
80%
your
80%
my
77%
my
77%
be
76%
do
74%
so
74%
so
74%
can
73%
for
72%
for
72%
for
72%
for
72%
Whoah
70%
of
67%
need
66%
need
66%
Are
63%
time
61%
time
61%
time
61%
by
60%
I'll
55%
much
54%
mine?
53%
darling,
52%
goes
51%
I've
50%
long,
50%
touch
50%
still
46%
slowly
45%
lonely
43%
Lonely
43%
Lonely
43%
sea,
40%
sea
40%
sea
40%
wait
40%
"Wait
40%
wait
40%
hungered
36%
flow
34%
rivers
33%
rivers
33%
yeah
32%
God
30%
speed
29%
open
28%
home,
27%
coming
26%
arms
25%
sigh,
19%

Score Distribution

Percentile by Number Answered

Percent of People with Each Score

Your Score History

You have not taken this quiz